Just Cause 3 - Villes et Bases (avec carte) - Statistiques

Statistiques générales
  • Ce quiz a été pris 25 fois
  • Le résultat moyen est 28 sur 66
Réponses sur la Carte
Les réponses sont colorées sur une échelle allant du rouge au vert en fonction du pourcentage des utilisateurs qui les ont devinées à leur premier essai. Vous pouvez retrouver ces pourcentages ci-dessous.
 
Statistiques - réponses
Province Type de quiz Name % Correct
Regno City Citate di Ravello
71%
Costa Sud Base Griphon
71%
Sirocco Nord Base Le Tutor
71%
Baia City Manea
71%
Aspera Base Tour de contrôle de Cima Leon
71%
Plagia Base Vigilator Nord
71%
Sirocco Sud Base Vigilator Sud
71%
Baia Base Vis Electra
71%
Maestrale Base Vulture
71%
Feno City Babica
57%
Montana Base Cava Montana
57%
Sirocco Nord City Costa Di Ravello
57%
Feno Base Émetteur de Cima Leon
57%
Capite Est Base Espia Alta
57%
Petra Base Espia Bassa
57%
Falco Base Falco Maxime
57%
Lacos City Fortalessa
57%
Costa Sud City Perla Est
57%
Maestrale Base Porto Tridente
57%
Sirocco Nord Base Porto Vena
57%
Lacos Base Silo de Cima Leon
57%
Corda Dracon Base Tour de contrôle de Corda Dracon
57%
Prima City Agro
43%
Prima City Agro Nove
43%
Lacos City Alba
43%
Grande Pastura Base Alte Potentia
43%
Soros City Cava de Rebelles
43%
Prospere Base Cava Grande
43%
Prospere Base Cava Grande Secunde
43%
Sirocco Sud City Cirilla
43%
Sirocco Nord City Costa Del Porto
43%
Lavanda City Lantuina
43%
Petra City Olivo Moro
43%
Trio City Ponere
43%
Capite Ouest Base Porto Cavo
43%
Val de Mar Base Porto Coclea
43%
Trio Base Porto Darsena
43%
Lavanda Base Porto La Gratia
43%
Umbra City Refugio Umbra
43%
Trio Village Vico Platessa
43%
Feno City Albeto Pero
29%
Capite Ouest City Arco Sperantia
29%
Prima City Bellevia
29%
Libeccio City Burgoletto
29%
Rocca Blau Base Cava Geminos Est
29%
Rocca Blau Base Cava Geminos Nord
29%
Rocca Blau Base Cava Geminos Sud
29%
Massos City Cinta
29%
Lacos City Colle Salrosa
29%
Lavanda City Frontella
29%
Cauda City Grotta Contrabandero
29%
Sirocco Sud Base La Galera
29%
Sirocco Sud City Laguna Del Sol
29%
Petra Base Puncta Sud
29%
Plagia City Surpicco
29%
Trio Village Vico Gamba
29%
Trio Village Vico Matarello
29%
Petra Village Vico Tructa
29%
Libeccio City Vista Dracon
29%
Prima City Vista Fonte
29%
Libeccio City Nacre
14%
Capite Est Village Vico Spigola
14%
Capite Est City Vinialetta
14%
Libeccio City Celata
0%
Massos City Soliana
0%
Capite Est Village Vico Thunno
0%
Aucun quiz correspondant
Distribution des résultats
% des personnes avec chaque résultat
Percentile par nombre de réponses
Votre historique - résultats
Vous n’avez pas pris ce quiz